Postharvest handling of fresh cut flowers and plant material (Record no. 8796)

000 -LEADER
fixed length control field 00294nam a22001217a 4500
040 ## - CATALOGING SOURCE
Transcribing agency SY
082 ## - DEWEY DECIMAL CLASSIFICATION NUMBER
Classification number 635
100 ## - MAIN ENTRY--AUTHOR NAME
Personal name NA
245 ## - TITLE STATEMENT
Title Postharvest handling of fresh cut flowers and plant material
260 ## - PUBLICATION, DISTRIBUTION, ETC. (IMPRINT)
Place of publication UNIVERSITY AGRICULTUREAL EXPERIMENT STATION
Name of publisher NANA
300 ## - PHYSICAL DESCRIPTION
Number of Pages 11P.
942 ## - ADDED ENTRY ELEMENTS (KOHA)
Koha item type សៀវភៅភាសាអង់គ្លេស
952 ## - LOCATION AND ITEM INFORMATION (KOHA)
Withdrawn status [LOCAL, KOHA] 0
952 ## - LOCATION AND ITEM INFORMATION (KOHA)
Withdrawn status [LOCAL, KOHA] 0
Holdings
Permanent Location Date acquired Koha item type Lost status Shelving location Barcode Current Location Full call number
Library Block C2016-10-14សៀវភៅភាសាអង់គ្លេស   Library Block C635
Library Block C2016-10-14សៀវភៅភាសាអង់គ្លេស C252RUA045299Library Block C635 NA NA C252
មជ្ឈមណ្ឌលឯការនៃសាកលវិទ្យាល័យភូមិន្ទកសិកម្មចំការដូង

Powered by Koha